| 000 | 00415nam a22001457a 4500 | ||
|---|---|---|---|
| 999 |
_c7565 _d7563 |
||
| 005 | 20210313133538.0 | ||
| 008 | 210313b ||||| |||| 00| 0 eng d | ||
| 082 | _a346.066 | ||
| 100 |
_aAIYAR,A.N. _96466 |
||
| 245 | _aREPORTS OF COMPANY CASES INCLUDING CASES OF BANKING AND INSURENCE [VOL-50] | ||
| 260 |
_aMADRAS _bCOMPANY LAW INSTITUTE OF INDIA _c1980 |
||
| 300 | _aI-XIX,P | ||
| 650 |
_aLAW _95701 |
||
| 942 | _cJRL | ||